Sports Quiz

Random Sports or Football Quiz

The ISL 2019-20 Quiz Stats

 Plays Quiz not verified by Sporcle

Score 0/7 Timer 02:30
0 Plays Today
Question Answer Wrong Answers
What is the full form of ISL? ???
100%
???
0%
???
0%
???
0%
When does the Hero ISL 2019-20 start? ???
47.1%
???
23.5%
???
11.8%
???
0%
Which team has/is going to replace FC Pune City? ???
23.5%
???
5.9%
???
11.8%
???
23.5%
Who has scored the highest number of goals in ALL seasons of ISL? ???
17.6%
???
5.9%
???
0%
???
0%
Who is the head owner of FC Goa? ???
11.8%
???
0%
???
0%
???
0%
When will ISL season 2019-20 conclude? ???
11.8%
???
0%
???
0%
???
0%
Which is the TOP team in ALL season of ISL? ???
5.9%
???
5.9%
???
5.9%
???
0%

You're not logged in!

Compare scores with friends on all Sporcle quizzes.
OR
Log In

Sporcle TV

Today on Sporcle TV


Watch our educational content, quiz creation guides, and fun videos on Sporcle TV.

Show Comments

Extras

Created Sep 30, 2019ReportNominate
Tags:Football Quiz, Soccer Quiz, india

Top Quizzes Today


Score Distribution

Your Account Isn't Verified!

In order to create a playlist on Sporcle, you need to verify the email address you used during registration. Go to your Sporcle Settings to finish the process.

Report this User

Report this user for behavior that violates our Community Guidelines.

Details: